000
00324nam a2200121Ia 4500
008
250110s9999 xx 000 0 und d
041
_a
eng
100
_a
Jain Sneha
245
_a
Residential School In Latur
260
_b
Final Year B. Arch, BNCA
_c
2012
300
_a
125p
700
_a
Guide Name:Sahstrabuddhe Swati
_9
209994
999
_c
363187
_d
363187